Pays qui utilisent le franc - Mort subite - Statistiques

Statistiques générales
  • Ce quiz a été pris 599 fois
  • Le résultat moyen est 6 sur 22
Answers on the Grid
Answers color-coded by a green-red scale on the quiz's grid according to % correct below.
Suisse
Liechtenstein
France
Comores
Cameroun
République centrafricaine
Gabon
République du Congo
Guinée équatoriale
Tchad
Bénin
Burkina Faso
Rwanda
Guinée
Djibouti
République démocratique du Congo
Burundi
Togo
Sénégal
Niger
Mali
Côte d’Ivoire
Guinée-Bissau
Tunisie
Maroc
Algérie
Cambodge
Madagascar
Albanie
Monaco
Andorre
Luxembourg
Ghana
Saint Marin
Mauritanie
Gambie
 
Statistiques - réponses
Réponse % Correct
Suisse
64%
Côte d’Ivoire
42%
Mali
39%
Sénégal
39%
Bénin
33%
République centrafricaine
32%
République démocratique du Congo
32%
République du Congo
32%
Gabon
30%
Guinée
30%
Burkina Faso
28%
Cameroun
28%
Niger
26%
Tchad
23%
Togo
23%
Djibouti
19%
Guinée-Bissau
17%
Comores
16%
Guinée équatoriale
13%
Liechtenstein
12%
Rwanda
12%
Burundi
11%
Aucun quiz correspondant
Distribution des résultats
% des personnes avec chaque résultat
Percentile par nombre de réponses
Votre historique - résultats
Vous n’avez pas pris ce quiz